Một số tính chất của sự hội tụ đầy đủ của dãy và mãng các đại lượng ngẫu nhiên Luận văn thạc Toán học. Chuyên ngành: Lý thuyết xác xuất và thống kê Toán. Mã số: 60 46 15

Đã lưu trong:
书目详细资料
主要作者: Nguyễn, Thị Thùy Trang
其他作者: Nguyễn Văn Quảng (Hướng dẫn)
格式: Luận văn 工具包 图书
出版: Vinh Đại học Vinh 2009
主题:
标签: 添加标签
没有标签, 成为第一个标记此记录!
Thư viện lưu trữ: Trung tâm Học liệu Lê Vũ Hùng, Trường Đại học Đồng Tháp
LEADER 01253ppm a22003138a 4500
001 00036654
008 170315s2009 ||||||Viesd
005 20171026081025.0
041 0 # |a Vie 
082 1 4 |a 519.2  |b M458S 
100 1 # |a Nguyễn, Thị Thùy Trang 
245 0 0 |a Một số tính chất của sự hội tụ đầy đủ của dãy và mãng các đại lượng ngẫu nhiên  |b Luận văn thạc Toán học. Chuyên ngành: Lý thuyết xác xuất và thống kê Toán. Mã số: 60 46 15  |c Nguyễn Thị Thùy Trang; Nguyễn Văn Quảng(hướng dẫn) 
260 # # |a Vinh  |b Đại học Vinh  |c 2009 
300 # # |a 43tr.  |c 30cm. 
500 # # |a ĐTTTS ghi: Bộ giáo dục và đào tạo. Đại học Vinh 
653 # # |a Dãy 
653 # # |a Mãng 
653 # # |a Đại lượng ngẫu nhiên 
653 # # |a Xác suất 
653 # # |a Tính chất 
653 # # |a Toán học 
700 1 # |a Nguyễn Văn Quảng  |e Hướng dẫn 
852 # # |j LV.0000991 
852 # # |b Kho đọc SĐH  |j LV.0000991 
910 |d 15/03/2017 
980 # # |a Trung tâm Học liệu Lê Vũ Hùng, Trường Đại học Đồng Tháp